Christmas quizNew Quiz - Statistics

General Stats
  • This quiz has been taken 36 times
  • The average score is 13 of 26
Answer Stats
Question Answer % Correct
6. What type of songs are sung at Christmas? Carols
88%
25.What is the name of calendars opened before Christmas? Advent
78%
16.What heavenly creature appears in the nativity? Angel
78%
9. What is the name of a house made of snow and ice? Igloo
78%
14. What is a transparent sphere filled with white particles with a Christmassy figure inside? Snow Globe
72%
5. In the Maria Carey song all I want for Christmas who does she want? You
69%
1.Almond paste used on cake is known as what? Marzipan
66%
22.What is the name of the evergreen circle decorated with lights and candles? Wreath
66%
13. The cattle are lowing; the baby awakes are lines from what song? Away in a manger
59%
18. Tom hanks plays the conductor in which Christmas film? Polar express
59%
26. What plastic or velvet material is used to tie up gifts often finished with a bow? Ribbon
56%
12. The Poinsettia is native to which country? Mexico
50%
7. Alexandra burke had a Christmas no1 with which song? Hallelujah
47%
4.In the batman version of jingle bells who lays an egg? Robin
47%
2,Stay another day was a Christmas UK no1 by which group? East 17
41%
10. Who were the first people to visit baby Jesus? Shepherds
41%
11. A Visit from St. Nicholas is alternative name for what poem? Twas the night before Christmas
41%
17. Which bear appears in the M&s Christmas advert? Paddington
38%
24, In the benny hill Christmas no1 who is the fastest milkman in the west? Ernie
34%
15. The lines Peace on earth and mercy mild, God and sinners reconciled" are from what hymn? Hark the herald angels sing
31%
19.In Charles dickens a Christmas carol the 3rd ghost is called the ghost of Christmas what? Yet to Come
28%
21.Where did Mary and Joseph take Jesus and flee to after hearing of King herod’s persecution? Egypt
25%
23.In the 4th harry potter film which dance is held at Christmas? Yule ball
25%
8. In the film lethal weapon what is the surname of the character played by Mel Gibson? Riggs
22%
3. What was Elvis Presley’s only UK no1? Return to Sender
9%
20.Which saint is celebrated on the 6th December? St Nicholas
6%
No matching quizzes found
Score Distribution
Percent of People with Each Score
Percentile by Number Answered
Your Score History
You have not taken this quiz